[Event "FSIM April"]
[Site "Budapest HUN"]
[Date "2005.04.05"]
[Round "4"]
[White "Fodor,I2"]
[Black "Caruana,F"]
[Result "1/2-1/2"]
[WhiteElo "2150"]
[BlackElo "2255"]

1.d4 Nf6 2.c4 g6 3.Nc3 d5 4.cxd5 Nxd5 5.e4 Nxc3 6.bxc3 Bg7 7.Bg5 O-O 8.Rc1 h6
9.Be3 Qd7 10.Qd2 Kh7 11.Bd3 b6 12.Ne2 Bb7 13.O-O e6 14.e5 Nc6 15.Ng3 Rad8
16.Rcd1 Qe7 17.Qe2 Qh4 18.f4 Kh8 19.Ne4 Na5 20.Bf2 Qe7 21.Ng3 c5 22.Qg4 cxd4
23.cxd4 Qb4 24.Qh4 Nc4 25.f5 exf5 26.Bxf5 gxf5 27.Nxf5 Nxe5 28.Be1 Qb2 29.Rf2 Ng6
30.Rxb2 Nxh4 31.Bxh4 Rd5 32.Nxg7 Kxg7 33.Bf2 Rc8 34.Be3 Rc3 35.Re1 Rd3 36.Bf2 Rg5
37.Bg3 Kg6 38.Re7 Rf5 39.h3 Bd5 40.Bf2 Ra3 41.Ree2 Kg7 42.Red2 Rg5 43.Bh4 Rh5
44.Be1 Be6 45.Rf2 Rd5 46.Bb4 Ra4 47.Bc3 b5 48.Rb4 Ra3 49.Rb3 Ra6 50.Rbb2 Rc6
51.Rf3 Kf8 52.Bb4+ Ke8 53.Bc5  1/2-1/2

[Event "ch-VIE Prelim"]
[Site "Hue VIE"]
[Date "2005.04.06"]
[Round "5"]
[White "Bui Vinh"]
[Black "Nguyen Hoang Nam"]
[Result "1-0"]
[WhiteElo "2467"]
[BlackElo "2156"]

1.d4 Nf6 2.c4 g6 3.Nc3 d5 4.cxd5 Nxd5 5.e4 Nxc3 6.bxc3 Bg7 7.Bb5+ Bd7 8.Be2 c5
9.Nf3 Nc6 10.Rb1 b6 11.O-O O-O 12.h3 Bc8 13.Be3 Qc7 14.dxc5 bxc5 15.Rb5 Bxc3
16.Rxc5 Bb4 17.Rc2 Qb7 18.Bh6 Rd8 19.Qa1 e5 20.Nxe5 Nd4 21.Nc6 Bf8 22.Nxd8 Nxc2
23.Bxf8 Nxa1 24.Nxb7 Kxf8 25.Nd6 Nc2 26.Bc4 Be6 27.Bxe6 fxe6 28.Rc1 Rd8 29.Rxc2 Rxd6
30.Rc8+ Ke7 31.Rc7+ Rd7 32.Rxd7+ Kxd7 33.f4 Kc6 34.Kf2 Kc5 35.Ke3 Kb4 36.g4 Kc4
37.h4 a5 38.e5 Kd5 39.a4 h6 40.h5  1-0

[Event "ch-VIE Places"]
[Site "Hue VIE"]
[Date "2005.04.11"]
[Round "1.1"]
[White "Nguyen Thien Viet"]
[Black "Nguyen Hoang Nam"]
[Result "1-0"]
[WhiteElo "2348"]
[BlackElo "2156"]

1.d4 Nf6 2.c4 g6 3.Nc3 d5 4.cxd5 Nxd5 5.e4 Nxc3 6.bxc3 Bg7 7.Bc4 c5 8.Ne2 O-O
9.O-O Nc6 10.Be3 Bd7 11.Qd2 Rc8 12.Rac1 Qa5 13.d5 Ne5 14.Bb3 b5 15.h3 Nc4
16.Bxc4 bxc4 17.Bh6 Bxh6 18.Qxh6 Qxa2 19.Nf4 Rc7 20.d6 Rb7 21.Nd5 Re8 22.e5 Bc6
23.Nf6+  1-0

[Event "Extraliga CZE 2004-5"]
[Site "Czech Rep CZE"]
[Date "2005.04.16"]
[Round "10"]
[White "Jedynak,R"]
[Black "Jansa,Vl"]
[Result "0-1"]
[WhiteElo "2381"]
[BlackElo "2513"]

1.d4 Nf6 2.c4 g6 3.Nc3 d5 4.cxd5 Nxd5 5.e4 Nxc3 6.bxc3 Bg7 7.Nf3 c5 8.Rb1 O-O
9.Be2 b6 10.O-O Bb7 11.Qd3 Qc7 12.d5 Nd7 13.c4 e6 14.dxe6 fxe6 15.Ng5 Rfe8
16.f4 h6 17.Nh3 Rad8 18.Qc2 e5 19.f5 Nf6 20.Bf3 gxf5 21.exf5 e4 22.Bf4 Qc8
23.Be2 e3 24.Rbd1 Be4 25.Rxd8 Rxd8 26.Qc1 Qa8 27.Qe1 Bxg2 28.Qg3 Bxf1 29.Kxf1 Qh1+
30.Ng1 Qe4 31.Bxh6 Qxf5+ 32.Kg2 Qf2+  0-1

[Event "Open"]
[Site "Metz FRA"]
[Date "2005.04.20"]
[Round "5"]
[White "Ivanov,J"]
[Black "Strohmann,M"]
[Result "1-0"]
[WhiteElo "2350"]
[BlackElo "2020"]

1.d4 Nf6 2.c4 g6 3.Nc3 d5 4.cxd5 Nxd5 5.e4 Nxc3 6.bxc3 Bg7 7.Bc4 c5 8.Ne2 Nc6
9.Be3 O-O 10.Rc1 Qa5 11.O-O b5 12.Bd5 Bb7 13.Bxc6 Bxc6 14.d5 Bb7 15.Bxc5 Rfe8
16.Qb3 Rac8 17.Bd4 Rc4 18.Rfd1 Rec8 19.Bxg7 Kxg7 20.Rd4 Qb6 21.Rcd1 Ba6 22.Rxc4 Rxc4
23.Rd4 Rc8 24.Rb4 Qc5 25.h4 Rc7 26.h5 e5 27.dxe6 gxh5 28.Nd4 Qg5 29.Qc2 Qc5
30.exf7  1-0

[Event "TCh-HUN w"]
[Site "Budapest HUN"]
[Date "2005.04.22"]
[Round "4"]
[White "Rendi,E"]
[Black "Gara,A"]
[Result "0-1"]
[WhiteElo "2187"]
[BlackElo "2400"]

1.d4 Nf6 2.c4 g6 3.Nc3 d5 4.cxd5 Nxd5 5.e4 Nxc3 6.bxc3 Bg7 7.Bc4 c5 8.Ne2 O-O
9.O-O Nc6 10.Be3 Bg4 11.f3 Na5 12.Bxf7+ Rxf7 13.fxg4 Rxf1+ 14.Kxf1 cxd4 15.cxd4 Qb6
16.Rc1 Qe6 17.Qd3 Qxa2 18.Qb5 a6 19.Qb4 Rf8+ 20.Ke1 Nb3 21.Rd1 Na1 22.Qb1 Qa3
23.Rd3 Qa5+ 24.Bd2 Qa4 25.Nc3 Nc2+ 26.Ke2 Nxd4+ 27.Ke1 Nc2+ 28.Ke2 Bxc3  0-1

[Event "Torch Real Estate Cup"]
[Site "Jinan CHN"]
[Date "2005.04.23"]
[Round "4"]
[White "Liang Chong"]
[Black "Ni Hua"]
[Result "1/2-1/2"]
[WhiteElo "2524"]
[BlackElo "2638"]

1.d4 Nf6 2.c4 g6 3.Nc3 d5 4.cxd5 Nxd5 5.e4 Nxc3 6.bxc3 Bg7 7.Bb5+ c6 8.Ba4 O-O
9.Ne2 b5 10.Bb3 a5 11.a4 b4 12.Be3 bxc3 13.Rc1 Nd7 14.Rxc3 e5 15.O-O Ba6
16.Bc4 exd4  1/2-1/2

[Event "7th Rector Cup w"]
[Site "Kharkiv UKR"]
[Date "2005.04.27"]
[Round "8"]
[White "Alexanian,N"]
[Black "Dvoretska,O"]
[Result "1-0"]
[WhiteElo "2211"]
[BlackElo "2166"]

1.d4 Nf6 2.c4 g6 3.Nc3 d5 4.cxd5 Nxd5 5.e4 Nxc3 6.bxc3 Bg7 7.Bc4 c5 8.Ne2 O-O
9.O-O Nc6 10.Be3 cxd4 11.cxd4 Na5 12.Bd3 b6 13.Rc1 Bb7 14.Qd2 e6 15.Bh6 Qd7
16.Bxg7 Kxg7 17.Qf4 Rfc8 18.h4 Rxc1 19.Rxc1 Rc8 20.Rxc8 Bxc8 21.h5 f6 22.e5 f5
23.Qg5 Qf7 24.h6+ Kg8 25.Qd8+ Qf8 26.Qc7 Bb7 27.Bc4 Nxc4 28.Qxb7 Nd2 29.Nf4 Qxh6
30.Nxe6 g5 31.Qc8+ Kf7 32.Qd7+  1-0

[Event "23rd Liechtenstein Open"]
[Site "Triesen LIE"]
[Date "2005.05.01"]
[Round "3"]
[White "Kelecevic,N"]
[Black "Van der Weide,K"]
[Result "1-0"]
[WhiteElo "2390"]
[BlackElo "2472"]

1.d4 Nf6 2.c4 g6 3.Nc3 d5 4.cxd5 Nxd5 5.e4 Nxc3 6.bxc3 Bg7 7.Be3 c5 8.Rc1 Qa5
9.Qd2 cxd4 10.cxd4 Qxd2+ 11.Kxd2 O-O 12.Nf3 Nc6 13.d5 Rd8 14.Ke1 Na5 15.Bg5 f5
16.Bxe7 Re8 17.d6 Be6 18.Bb5 Rec8 19.Ke2 Nc6 20.exf5 Bxf5 21.Bxc6 bxc6 22.Rhd1 Bd7
23.Rc5 Rcb8 24.Ne5 Bxe5 25.Rxe5 Rb5 26.Re3 Kf7 27.Rf3+ Rf5 28.Rxf5+ Bxf5
29.Bg5 Ke8 30.Kd2 Kd7 31.Kc3 Rb8 32.Be3 Rb5 33.a4 Rd5 34.Rxd5 cxd5 35.Bc5 a5
36.Ba3 Kc6 37.f3 h5 38.h4 Bb1 39.g4 hxg4 40.fxg4 Be4 41.h5 gxh5 42.gxh5 Bh7
43.h6 Kd7 44.Kd4 Ke6 45.Kc5 Bc2 46.Bb2 Be4 47.Kc6  1-0

[Event "SME Open"]
[Site "Ostrava CZE"]
[Date "2005.05.04"]
[Round "5"]
[White "Kozak,Mi"]
[Black "Hlavac,R"]
[Result "1-0"]
[WhiteElo "2257"]
[BlackElo "2178"]

1.d4 Nf6 2.c4 g6 3.Nc3 d5 4.cxd5 Nxd5 5.e4 Nxc3 6.bxc3 Bg7 7.Nf3 O-O 8.Be2 c5
9.Rb1 b6 10.O-O Bb7 11.Qd3 Ba6 12.Qc2 cxd4 13.Bxa6 Nxa6 14.cxd4 Qd7 15.Ba3 Rfc8
16.Qe2 Qb7 17.Rfd1 Rc7 18.d5 Rac8 19.Nd4 Bxd4 20.Rxd4 Rc2 21.Rd2 Rxd2 22.Qxd2 f6
23.h4 Qd7 24.h5 gxh5 25.Rb3 h4 26.Qf4 Nc5 27.Rh3 Rf8 28.Rxh4 Kh8 29.Qh6 Rf7
30.Bb2 Nd3 31.Bd4 Ne5 32.Bxe5 fxe5 33.Qh5 Kg8 34.Qxe5 Qc8 35.f3 Rg7 36.Kh2 a6
37.Rh6 b5 38.Rb6  1-0

[Event "ch-FRA Top 16 Poule Haute"]
[Site "Port Barcares FRA"]
[Date "2005.05.06"]
[Round "10"]
[White "Agrest,E"]
[Black "Svidler,P"]
[Result "1/2-1/2"]
[WhiteElo "2579"]
[BlackElo "2725"]

1.d4 Nf6 2.c4 g6 3.Nc3 d5 4.cxd5 Nxd5 5.e4 Nxc3 6.bxc3 Bg7 7.Nf3 c5 8.Rb1 O-O
9.Be2 b6 10.O-O Bb7 11.Qd3 e6 12.h4 Nd7 13.Bg5 Qc7 14.h5 h6 15.Be7 Rfe8 16.Bh4 g5
17.Bg3 Qc6 18.e5 Red8 19.Qe3 a6 20.Rfd1 b5 21.a4 bxa4 22.Ne1 Nb6 23.dxc5 Nd5
24.Qc1 Qc7 25.Bf3 Bc6 26.Nd3 a5 27.Qa3 Rab8 28.c4 Ne7 29.Rb6 Bxf3 30.gxf3 Nf5
31.Rd6 Nxd6 32.exd6 Qc6 33.Ne5 Bxe5 34.Bxe5 Rb3 35.Qa1 Rxf3 36.Bh8 f6 37.Bxf6 Rh3
38.Rd5 exd5 39.Qe5 Re8 40.Be7 Rf3 41.Qe6+ Rf7 42.cxd5 Qa8 43.Qg6+ Rg7 44.Qe6+ Rf7
45.Qg6+  1/2-1/2

[Event "ch-EST"]
[Site "Tallinn EST"]
[Date "2005.05.10"]
[Round "1"]
[White "Rytshagov,M"]
[Black "Zjukin,S"]
[Result "1/2-1/2"]
[WhiteElo "2455"]
[BlackElo "2373"]

1.d4 Nf6 2.c4 g6 3.Nc3 d5 4.cxd5 Nxd5 5.e4 Nxc3 6.bxc3 Bg7 7.Bc4 c5 8.Ne2 O-O
9.O-O Nc6 10.Be3 Qc7 11.Rc1 Rd8 12.Bf4 Qd7 13.dxc5 Qe8 14.Bd5 Bd7 15.Qd2 e6
16.Bb3 Ne5 17.Bg5 Bb5 18.Bxd8 Rxd8 19.Qc2 Bd3 20.Qb2 Bxe4 21.Rcd1 Rxd1 22.Rxd1 Qc6
23.Nd4 Qxc5 24.Qe2 Bc6 25.Kh1 h5 26.h3 Qxc3 27.Nxc6  1/2-1/2

[Event "30th Elekes Mem GM"]
[Site "Budapest HUN"]
[Date "2005.05.21"]
[Round "1"]
[White "Berczes,D"]
[Black "Boros,De"]
[Result "1/2-1/2"]
[WhiteElo "2342"]
[BlackElo "2402"]

1.d4 Nf6 2.c4 g6 3.Nc3 d5 4.cxd5 Nxd5 5.e4 Nxc3 6.bxc3 Bg7 7.Bc4 c5 8.Ne2 Nc6
9.Be3 O-O 10.O-O Bg4 11.f3 Na5 12.Bd3 cxd4 13.cxd4 Be6 14.d5 Bxa1 15.Qxa1 f6
16.Rb1 b6 17.Bh6 Qd6 18.Bxf8 Rxf8 19.Rc1 Bd7 20.Nd4 Nb7 21.Bb5 Nc5 22.Bxd7 Qxd7
23.Nc6 e6 24.Qd4 Rf7 25.Rd1 exd5 26.Qxd5 Qxd5 27.exd5 Rc7 28.Kf2 Kf7 29.Ke3 Rd7
30.Kd4 h5 31.Re1 Na6 32.Kc4 Nc7 33.d6 Ne6 34.Rd1 Nc5 35.Nb8 Rd8 36.d7 Ke6
37.Re1+ Kd6 38.Re8 Nb7 39.Rxd8 Nxd8 40.g3 Kc7 41.Na6+ Kxd7 42.Kd5 Nc6 43.a3 Ne5
44.f4 Ng4 45.h3 Ne3+ 46.Ke4 Nc4 47.a4 Nb2 48.f5 g5 49.Nb4 Nxa4 50.Nd5 Nc5+
51.Kd4 h4 52.g4 Kd6 53.Nxf6 a5 54.Nh7 a4 55.Nxg5 a3 56.Kc3 b5 57.Kc2 b4 58.f6 b3+
59.Kb1 Kd7 60.Ka1 Nd3 61.Ne4 Ke8 62.Nd2 Nc5 63.g5 Kf7 64.Nc4 b2+ 65.Kb1 Ne4
66.Nxa3 Nxg5 67.Nc4 Kxf6 68.Ne3 Nxh3 69.Ng2 Nf4 70.Nxh4 Nd3 71.Nf3  1/2-1/2

[Event "30th Elekes Mem IM"]
[Site "Budapest HUN"]
[Date "2005.05.25"]
[Round "5"]
[White "Petran,Pa"]
[Black "Katsuhara,O"]
[Result "1-0"]
[WhiteElo "2405"]
[BlackElo "2106"]

1.d4 Nf6 2.c4 g6 3.Nc3 d5 4.cxd5 Nxd5 5.e4 Nxc3 6.bxc3 Bg7 7.Bc4 c5 8.Ne2 Nc6
9.Be3 O-O 10.O-O Bd7 11.Rb1 a6 12.dxc5 Qc7 13.f4 Na5 14.Bd3 Bg4 15.h3 Bxe2
16.Qxe2 Bxc3 17.Rfc1 Bg7 18.e5 e6 19.h4 Rfe8 20.Be4 Nc6 21.Rb6 Nd8 22.Rcb1 Rb8
23.Qb2 Bf8 24.c6 f6 25.exf6 Bd6 26.Qf2 Nxc6 27.h5 Qf7 28.Qh4 gxh5 29.Rd1 Bf8
30.Bf3 Red8 31.Rbb1 Rxd1+ 32.Rxd1 Rd8 33.Re1 Kh8 34.Bxh5 Qd7 35.Bb6 Rb8 36.Rd1 Qc8
37.Bg6 h6 38.Bf7 Nb4 39.Qg4 Bc5+ 40.Kh2 Qf8 41.Bxc5 Qxf7 42.Bxb4 Rg8 43.Qh3 Kh7
44.Bc3 b5 45.Be5 Rc8 46.Rd6 Rc2 47.Qd3+  1-0

[Event "30th Elekes Mem GM"]
[Site "Budapest HUN"]
[Date "2005.05.25"]
[Round "5"]
[White "Danner,G"]
[Black "Boros,De"]
[Result "0-1"]
[WhiteElo "2435"]
[BlackElo "2402"]

1.d4 Nf6 2.c4 g6 3.Nc3 d5 4.cxd5 Nxd5 5.e4 Nxc3 6.bxc3 Bg7 7.Be3 c5 8.Qd2 O-O
9.Nf3 Qa5 10.Rc1 Bg4 11.Ng5 Na6 12.h3 Bd7 13.Be2 Rac8 14.d5 c4 15.Bd4 Bxd4
16.Qxd4 e5 17.Qxe5 Qxa2 18.Qf4 f6 19.Nf3 Nc5 20.Nd2 Nb3 21.Rd1 Qc2 22.Qe3 Nxd2
23.Rxd2 Qc1+ 24.Bd1 Rce8 25.O-O Rxe4 26.Qxe4 Qxd2 27.Qxc4 Rc8 28.Qb4 Qxc3
29.Qxb7 Qc7 30.Qb4 Qc5 31.Qf4 Qxd5 32.Qxf6 Bb5 33.Bf3 Qf5 34.Qxf5 gxf5 35.Rd1 Rc7
36.Rd5 Bd7 37.Kh2 Kf7 38.Kg3 Ke6 39.Ra5 Bc8 40.Bd5+ Kf6 41.Kh4 Rc2 42.f4 a6
43.Ra4 Rc5 44.Bg8 a5 45.Rd4 Kg7 46.Bb3 Rb5 47.Rc4 Bb7 48.Rc7+ Kg6 49.Bc4 Rb4
50.g3 a4 51.Bf7+ Kh6 52.Bg8 a3 53.Rxh7+ Kg6 54.Rc7 Ba8 55.Ra7 Be4 56.Bf7+ Kf6
57.Ba2  0-1

[Event "24th OCF NthAmOp"]
[Site "Stillwater USA"]
[Date "2005.05.27"]
[Round "2"]
[White "Mc Entee,T"]
[Black "Kudrin,S"]
[Result "0-1"]
[WhiteElo "2175"]
[BlackElo "2554"]

1.d4 Nf6 2.c4 g6 3.Nc3 d5 4.cxd5 Nxd5 5.e4 Nxc3 6.bxc3 Bg7 7.Nf3 c5 8.Rb1 O-O
9.Be2 b6 10.Be3 Bb7 11.Qc2 cxd4 12.cxd4 Qc8 13.Bd3 Qxc2 14.Bxc2 Rc8 15.Bd3 e6
16.h4 h6 17.Ke2 Nd7 18.Rbc1 Nf6 19.Nd2 Ng4 20.f3 Nxe3 21.Kxe3 f5 22.Bc4 Kf7
23.h5 fxe4 24.hxg6+ Kxg6 25.fxe4 e5 26.d5 h5 27.Bd3 Bh6+ 28.Ke2 Bg5 29.Rxc8 Bxc8
30.Bb5 Bg4+ 31.Kd3 Bf4 32.Nc4 Rd8 33.Ne3 Kg5 34.Nc2 Rf8 35.Ne3 Rd8 36.Nc2 Bf5
37.Ne3 Bg6 38.Bc6 Rc8 39.a4 Rh8 40.Nc4 Kg4 41.Rh3 h4 42.Bd7+ Kg5 43.Rf3 Rd8
44.Bc6 Bh5 45.Rf1 Kf6 46.Rxf4+ exf4 47.e5+ Kf5 48.Kd4 f3 49.gxf3 h3 50.f4 Bf3
51.Ne3+ Kxf4 52.Nf1 Bg2 53.Nh2 Kg3 54.e6 Kxh2 55.e7 Rh8 56.e8=Q Rxe8 57.Bxe8 Kg3  0-1

[Event "30th Elekes Mem IM"]
[Site "Budapest HUN"]
[Date "2005.05.28"]
[Round "8"]
[White "Mester,G"]
[Black "Katsuhara,O"]
[Result "0-1"]
[WhiteElo "2410"]
[BlackElo "2106"]

1.d4 Nf6 2.c4 g6 3.Nc3 d5 4.cxd5 Nxd5 5.e4 Nxc3 6.bxc3 Bg7 7.Bc4 c5 8.Ne2 O-O
9.O-O Nc6 10.Be3 Bd7 11.Rb1 a6 12.dxc5 Na5 13.Bd3 Qc7 14.f4 Rfd8 15.Qc2 e6
16.c6 Qxc6 17.Bb6 Rdc8 18.Rfd1 Be8 19.e5 Nc4 20.Be4 Qa4 21.Qxa4 Bxa4 22.Rd4 Nxb6
23.Rxb6 Bb5 24.Bd3 Bf8 25.Bxb5 Bc5 26.Bxa6 bxa6 27.Rb2 Rab8 28.Rd2 Rb1+ 29.Kf2 Rcb8
30.Kf3 Bxd4 31.Rxd4 R8b2 32.Ng3 Rxa2 33.Rd8+ Kg7 34.Ne4 Rf1+ 35.Kg3 Rg1 36.Nf6 Rgxg2+
37.Kf3 Rgf2+ 38.Kg3 Rg2+ 39.Kf3 Rgc2 40.Rc8 Ra3 41.Ne4 Rxh2 42.Rc7 h6 43.Nd6 Rxc3+  0-1

[Event "24th OCF NthAmOp"]
[Site "Stillwater USA"]
[Date "2005.05.30"]
[Round "9"]
[White "Karagianis,P"]
[Black "Movsisyan,M"]
[Result "1/2-1/2"]
[WhiteElo "2259"]
[BlackElo "2300"]

1.d4 Nf6 2.c4 g6 3.Nc3 d5 4.cxd5 Nxd5 5.e4 Nxc3 6.bxc3 Bg7 7.Bc4 c5 8.Ne2 O-O
9.O-O cxd4 10.cxd4 Nc6 11.Be3 Bg4 12.f3 Na5 13.Bd3 Be6 14.d5 Bxa1 15.Qxa1 f6
16.Bh6 Re8 17.Nf4 Bf7 18.e5 g5 19.e6 gxf4 20.exf7+ Kxf7 21.Be4 Qd6 22.Qe1 f5
23.Bxf5 Qxh6 24.Be6+ Kg7 25.Qxa5 Qf6 26.Qb4 b6 27.Re1 Rad8 28.Re4 Rf8 29.Qe1 a5
30.Re5 Kh8 31.Qe4 b5 32.h3 b4 33.Rh5 Qa1+ 34.Kh2 Qg7 35.Bf5 h6 36.Qxf4 Rd6
37.Qe3 Rdf6 38.Be6 a4 39.Rh4 Rg6 40.Qd2 Rb8 41.f4 b3 42.axb3 axb3 43.Bf5 b2
44.Bb1 Rg8 45.Bxg6 Qxg6 46.Qxb2+ Kh7 47.Qf2 Rd8 48.Qf3 Qd6 49.Rh5 Rf8 50.Re5 Rf7
51.Qe4+ Kg7 52.Re6 Qc7 53.Qg6+ Kf8 54.Qxh6+ Ke8 55.Qh8+ Kd7 56.Qe5 Qc4 57.Qe4 Qc1
58.Rg6 Qxf4+ 59.Qxf4 Rxf4  1/2-1/2

[Event "FSIM June"]
[Site "Budapest HUN"]
[Date "2005.06.05"]
[Round "2"]
[White "Eperjesi,L"]
[Black "Caruana,F"]
[Result "1/2-1/2"]
[WhiteElo "2262"]
[BlackElo "2255"]

1.d4 Nf6 2.c4 g6 3.Nc3 d5 4.cxd5 Nxd5 5.e4 Nxc3 6.bxc3 Bg7 7.Bg5 c5 8.Rc1 cxd4
9.cxd4 O-O 10.Nf3 Bg4 11.d5 Bxf3 12.gxf3 Nd7 13.Be2 Qa5+ 14.Qd2 Qa3 15.O-O Rfc8
16.Kg2 Nb6 17.f4 Bb2 18.Rxc8+ Rxc8 19.e5 f6 20.exf6 exf6 21.Bh6 Qc3 22.Qxc3 Bxc3
23.Rd1 Bb4 24.f5 Bd6 25.fxg6 hxg6 26.Be3 Kf7 27.Bxb6  1/2-1/2

[Event "FSIM June"]
[Site "Budapest HUN"]
[Date "2005.06.09"]
[Round "6"]
[White "Laciner,K"]
[Black "Katsuhara,O"]
[Result "1-0"]
[WhiteElo "2174"]
[BlackElo "2106"]

1.d4 Nf6 2.c4 g6 3.Nc3 d5 4.cxd5 Nxd5 5.e4 Nxc3 6.bxc3 Bg7 7.Bc4 c5 8.Ne2 O-O
9.O-O Nc6 10.Be3 Bd7 11.Rc1 Rc8 12.f4 Na5 13.Bd3 b5 14.d5 e6 15.f5 exd5 16.exd5 Nb7
17.Qd2 Nd6 18.Ng3 a5 19.Bh6 c4 20.Bxg7 Kxg7 21.Nh5+ Kh8 22.Qh6 Rg8 23.fxg6 fxg6
24.Nf6 Rg7 25.Bxg6 Nf7 26.Qh5 Ng5 27.Qxg5 Rxg6 28.Qe5 Bh3 29.Ng4+ Kg8 30.gxh3 Qh4
31.Rf6  1-0

[Event "La Palma Rapid Open"]
[Site "Brena Baja ESP"]
[Date "2005.06.12"]
[Round "3"]
[White "Avrukh,B"]
[Black "Votava,J"]
[Result "0-1"]
[WhiteElo "2642"]
[BlackElo "2511"]

1.d4 Nf6 2.c4 g6 3.Nc3 d5 4.cxd5 Nxd5 5.e4 Nxc3 6.bxc3 Bg7 7.Nf3 c5 8.Rb1 O-O
9.Be2 b6 10.O-O Bb7 11.Qd3 Ba6 12.Qc2 Bxe2 13.Qxe2 e6 14.Rd1 Qc7 15.d5 exd5
16.exd5 Nd7 17.c4 Rfe8 18.Qc2 Nf6 19.Bb2 Ne4 20.Bxg7 Kxg7 21.Re1 Qf4 22.Re3 Nd6
23.Qc3+ Kg8 24.Nd2 Nf5 25.Rf3 Qg5 26.Qd3 Re5 27.Ne4 Qh4 28.Ng3 Rae8 29.Rf1 Nd6
30.h3 Qxc4 31.Qxc4 Nxc4 32.Rd1 Rd8 33.Rf4 Nd6 34.Kf1 Kg7 35.Ne2 b5 36.Nc3 a6
37.g4 h6 38.a3 f5 39.gxf5 Nxf5 40.Ne4 Rexd5 41.Rxd5 Rxd5 42.Rf3 c4  0-1

[Event "FSIM June"]
[Site "Budapest HUN"]
[Date "2005.06.13"]
[Round "10"]
[White "Eperjesi,L"]
[Black "Laciner,K"]
[Result "1-0"]
[WhiteElo "2262"]
[BlackElo "2174"]

1.d4 Nf6 2.c4 g6 3.Nc3 d5 4.cxd5 Nxd5 5.e4 Nxc3 6.bxc3 Bg7 7.Bg5 O-O 8.Rc1 c5
9.Nf3 cxd4 10.cxd4 Bg4 11.d5 h6 12.Be3 Qa5+ 13.Qd2 Qxd2+ 14.Nxd2 Rc8 15.Rxc8+ Bxc8
16.Bc4 Nd7 17.Ke2 Ne5 18.Bb5 a6 19.Ba4 g5 20.h4 Bf6 21.hxg5 hxg5 22.Rc1 b5
23.Bb3 a5 24.a3 Ba6 25.Kd1 b4 26.a4 Kg7 27.Bc4 Nxc4 28.Nxc4 Bc3 29.Nb6 Rh8
30.Kc2 Rh4 31.f3 f5 32.exf5 Kf6 33.d6 exd6 34.Nd5+ Kxf5 35.g4+ Kg6 36.Nxc3 bxc3
37.Rd1 Be2 38.Rxd6+ Kg7 39.Bxg5 Rh2 40.Bf6+ Kf7 41.Kxc3 Bxf3 42.g5 Ra2 43.Kb3 Rg2
44.Kc4 Be2+ 45.Kc5 Rg4 46.Rd4 Rg3 47.Kb6 Rb3+ 48.Kxa5 Rb7 49.Rb4 Ra7+ 50.Kb6 Ra6+
51.Kb7 Ra5 52.Rf4 Kg6 53.Bd8 Rd5 54.Kc7 Bd1 55.Rf6+ Kg7 56.Ra6 Bg4 57.Bf6+ Kf7
58.a5 Rd2 59.g6+  1-0

[Event "Open"]
[Site "Mielo POL"]
[Date "2005.06.17"]
[Round "8"]
[White "Gryniakow,J"]
[Black "Shishkin,Va UKR"]
[Result "0-1"]
[WhiteElo "2264"]
[BlackElo "2519"]

1.d4 Nf6 2.c4 g6 3.Nc3 d5 4.cxd5 Nxd5 5.e4 Nxc3 6.bxc3 Bg7 7.Nf3 c5 8.Rb1 O-O
9.Be2 Nc6 10.d5 Ne5 11.Nxe5 Bxe5 12.Qd2 b6 13.f4 Bg7 14.c4 e5 15.O-O exf4
16.Qxf4 Qe7 17.Bb2 Bxb2 18.Rxb2 Bd7 19.Bd3 Rae8 20.Re2 Qe5 21.Qxe5 Rxe5 22.Rf6 Kg7
23.Ref2 Bf5 24.Rd6 Bxe4 25.Bxe4 Rxe4 26.Rd7 Rxc4 27.Rxa7 Rc1+ 28.Rf1 Rxf1+
29.Kxf1 Kf6 30.Rb7 Ke5 31.Rxb6 Kxd5 32.Ra6 Kd4 33.a4 c4 34.a5 Rb8 35.Rb6 Ra8
36.Rb5 c3 37.Ke2 Kc4 38.Re5 f6 39.Re6 Rxa5 40.Rxf6 Ra2+ 41.Kd1 Rxg2 42.h4 Rh2  0-1

[Event "White Nights"]
[Site "St Petersburg RUS"]
[Date "2005.06.21"]
[Round "4"]
[White "Kosarev,D"]
[Black "Korchagina,V"]
[Result "1-0"]
[WhiteElo "2145"]
[BlackElo "1974"]

1.d4 Nf6 2.c4 g6 3.Nc3 d5 4.cxd5 Nxd5 5.e4 Nxc3 6.bxc3 Bg7 7.Nf3 c5 8.Rb1 O-O
9.Be2 Qa5 10.Rb5 Qxc3+ 11.Bd2 Qa3 12.Ra5 Qb2 13.Rxc5 Nc6 14.d5 Ne5 15.Rc2 Qb6
16.Nxe5 Bxe5 17.O-O Bd7 18.Be3 Qd8 19.f4 Bg7 20.Qb1 b5 21.Rfc1 a6 22.Qb4 Re8
23.Rc7 Rc8 24.Rxc8 Bxc8 25.a4 bxa4 26.Qxa4 a5 27.Bb5 Rf8 28.Kh1 h5 29.h3 Bb7
30.Bc6 Ba6 31.e5 Bh6 32.Ra1 Qb8 33.Qxa5 Qb3 34.Qa3 Rb8 35.Qxb3 Rxb3 36.Bc5 Bxf4
37.g3 Bxe5 38.Rxa6 Rxg3 39.Bxe7 Rxh3+ 40.Kg2 Rd3 41.Ra3 Rd4 42.Re3 f6 43.Bc5 Rd2+
44.Kf3 Kf7 45.Ra3 g5 46.Ra7+ Kg6 47.Be8+ Kf5 48.Bd7+ Kg6 49.Be8+ Kf5 50.Bd7+ Kg6
51.Be6 f5 52.Bf7+ Kf6 53.Be7+ Kg7 54.Bxg5 Bd4 55.Bxd2 Bxa7 56.Bxh5 Kf6 57.Bc3+ Ke7
58.Kf4 Kd6 59.Bf3 Bb6 60.Kxf5 Bc5 61.Be5+ Ke7 62.Ke4 Bb4 63.Bg4 Bc5 64.Kd3 Bb4
65.Kc4 Ba3 66.Kb5 Ke8 67.Kc6 Ke7 68.d6+ Bxd6 69.Bxd6+ Kf6 70.Bf4 Kg6 71.Kd6 Kf6
72.Be6 Kg6 73.Ke5  1-0

[Event "6th EICC"]
[Site "Warsaw POL"]
[Date "2005.06.21"]
[Round "4"]
[White "Magalashvili,D"]
[Black "Esen,B"]
[Result "1/2-1/2"]
[WhiteElo "2445"]
[BlackElo "2287"]

1.c4 Nf6 2.d4 g6 3.Nc3 d5 4.cxd5 Nxd5 5.e4 Nxc3 6.bxc3 Bg7 7.Nf3 c5 8.Bb5+ Bd7
9.Bxd7+ Nxd7 10.O-O O-O 11.Rb1 Qc7 12.Bg5 e6 13.Qd2 Nb6 14.h4 Rac8 15.Rfc1 f6
16.Bf4 Qd7 17.dxc5 Qxd2 18.Nxd2 Na4 19.Nb3 Rf7 20.Bd6 Bf8 21.c4 Rd7 22.Bxf8 Kxf8
23.Rd1 Re7 24.Rbc1 Nxc5 25.f3 Rec7 26.Rd6 Rd7 27.Rxd7 Nxd7 28.c5 Ke7 29.Kf2 b6
30.cxb6 Rxc1 31.Nxc1 Nxb6 32.Ke3 Kd6 33.Nb3 e5 34.g3 Kc6 35.f4 Kb5 36.f5 Nc4+
37.Kf3 gxf5 38.exf5 Nd6 39.g4 Kc4 40.Ke3 Kd5 41.Nd2 a5 42.Nf1 h5 43.Ng3 hxg4
44.h5 Nf7 45.Ne4 Nh6 46.Nxf6+ Kc6 47.Kf2 Nxf5 48.Nxg4 e4 49.h6 Nxh6 50.Nxh6 Kc5
51.Ke3 Kb4 52.Kxe4 Ka3  1/2-1/2

[Event "19th Open Pula"]
[Site "Pula CRO"]
[Date "2005.06.22"]
[Round "5"]
[White "Elsness,F"]
[Black "Predojevic,B"]
[Result "0-1"]
[WhiteElo "2430"]
[BlackElo "2549"]

1.d4 Nf6 2.c4 g6 3.Nc3 d5 4.cxd5 Nxd5 5.e4 Nxc3 6.bxc3 Bg7 7.Bc4 O-O 8.Ne2 c5
9.Be3 Nc6 10.Rc1 cxd4 11.cxd4 Qa5+ 12.Kf1 Qa3 13.Rc3 Qd6 14.h4 h5 15.Qd2 e5
16.d5 Na5 17.Bd3 b6 18.Bh6 Bd7 19.g3 Nb7 20.Kg2 Nc5 21.Be3 Nxd3 22.Rxd3 f5
23.Nc3 Rac8 24.f3 Rc4 25.Rc1 Rfc8 26.Qb2 b5 27.Ne2 fxe4 28.fxe4 b4 29.Rdd1 Rxe4
30.Rxc8+ Bxc8 31.Qb3 Ba6 32.Kf3 Qf6+ 33.Nf4 exf4 34.Kxe4 Qf5+ 35.Kf3 Qg4+
36.Ke4 fxe3+ 37.Kxe3 Qe2+  0-1

[Event "6th EICC"]
[Site "Warsaw POL"]
[Date "2005.06.22"]
[Round "5"]
[White "Stocek,J"]
[Black "Kovchan,A"]
[Result "1/2-1/2"]
[WhiteElo "2585"]
[BlackElo "2488"]

1.d4 Nf6 2.c4 g6 3.Nc3 d5 4.cxd5 Nxd5 5.e4 Nxc3 6.bxc3 Bg7 7.Nf3 c5 8.Be3 Qa5
9.Bd2 O-O 10.Be2 Bg4 11.O-O e6 12.a4 cxd4 13.cxd4 Qd8 14.Bg5 Qd6 15.Rb1 Bxf3
16.Bxf3 Qxd4 17.Qxd4 Bxd4 18.Rxb7 Nc6 19.h4 Rab8 20.Rfb1 Bb6 21.Rxb8 Rxb8
22.Kf1 Kg7 23.Be2 h6 24.Bd2 Rd8 25.Rb2 e5 26.g3 Rd4 27.Bb5 Na5  1/2-1/2

[Event "6th EICC"]
[Site "Warsaw POL"]
[Date "2005.06.23"]
[Round "6"]
[White "Wells,P"]
[Black "Roiz,M"]
[Result "1/2-1/2"]
[WhiteElo "2525"]
[BlackElo "2579"]

1.d4 Nf6 2.c4 g6 3.Nc3 d5 4.cxd5 Nxd5 5.e4 Nxc3 6.bxc3 Bg7 7.Nf3 c5 8.Rb1 O-O
9.Be2 b6 10.O-O Bb7 11.Qd3 e6 12.Bg5 Qc7 13.Qe3 Nd7 14.Bd3  1/2-1/2

[Event "6th EICC"]
[Site "Warsaw POL"]
[Date "2005.06.25"]
[Round "7"]
[White "Jaracz,P"]
[Black "Macieja,B"]
[Result "1/2-1/2"]
[WhiteElo "2530"]
[BlackElo "2613"]

1.d4 Nf6 2.c4 g6 3.Nc3 d5 4.cxd5 Nxd5 5.e4 Nxc3 6.bxc3 Bg7 7.Qa4+ Qd7 8.Qb3 O-O
9.Be3 b6 10.Nf3 Bb7 11.Bd3 c5 12.Rd1 cxd4 13.cxd4 Nc6 14.O-O Na5 15.Qb4 Rfc8
16.d5 Bc3 17.Qb1 Nc4 18.Bd4 Bxd4 19.Nxd4 Qa4 20.Rfe1 Qa3 21.Bxc4 Rxc4 22.Re3 Qa4
23.Qa1 Rac8 24.Red3 f6 25.h4 Rc3 26.Kh2 Rxd3 27.Rxd3 Qc4 28.Ra3 a6 29.Rb3 b5
30.Qd1 Qc7+ 31.g3 Qe5 32.Re3 Rc4 33.Nf3 Qb2 34.Re2 Qc1 35.Qxc1 Rxc1 36.Nd4 Kf7
37.g4 Bc8 38.f3 Bd7 39.Kg3 Rc3 40.g5 a5 41.Rb2 b4 42.Nb3 a4 43.Na5 Rc5 44.Nc6 Bxc6
45.dxc6 fxg5 46.Rxb4 gxh4+ 47.Kxh4 Rxc6 48.Rxa4 Rc3 49.Kg4 Kf6 50.Ra5 h6
51.a4 Ra3 52.e5+ Ke6 53.Ra6+ Kxe5 54.Rxg6 h5+ 55.Kg3 h4+ 56.Kxh4 Rxf3 57.a5 Ra3
58.Ra6 Kf5 59.Ra8 Kf4 60.a6 e5 61.a7 Ke4 62.Kg5 Ra6 63.Kh5 Ke3 64.Re8 Rxa7
65.Rxe5+  1/2-1/2

[Event "6th EICC"]
[Site "Warsaw POL"]
[Date "2005.06.25"]
[Round "7"]
[White "Moranda,W"]
[Black "Shomoev,A"]
[Result "1/2-1/2"]
[WhiteElo "2452"]
[BlackElo "2540"]

1.d4 Nf6 2.c4 g6 3.Nc3 d5 4.cxd5 Nxd5 5.e4 Nxc3 6.bxc3 Bg7 7.Bc4 O-O 8.Ne2 c5
9.Be3 Nc6 10.Rc1 Bd7 11.h4 Na5 12.Bd3 b6 13.h5 e5 14.dxc5 Qc7 15.c4 bxc5
16.Nc3 Nc6 17.Qd2 Nd4 18.Nd5 Qd6 19.Bh6 Rae8 20.Bxg7 Kxg7 21.hxg6 Qxg6 22.Rc3 Re6
23.Kf1 Kh8 24.Bc2 Qg7 25.Rch3 Rg6 26.Rh4 f6 27.Bd3 Nc6 28.Qe3 Nd4 29.Qd2 Be6
30.Qa5 Bg8 31.Qxc5 Rb8 32.Ne3 Qd7 33.Qa3 Qb7 34.g3 Nf3 35.Rh6 Rxh6 36.Rxh6 Nd2+
37.Kg1 Nxe4 38.Qc1 Rf8 39.Bf1 Qg7 40.Rh4 Ng5 41.Bg2 f5 42.Qc3 Ne6 43.Kh2 f4
44.Nd5 Qg5 45.Nxf4 Nxf4 46.Rxf4 Rxf4 47.gxf4 Qxf4+ 48.Kg1 Bxc4 49.Qa3 a6
50.Qd6 Kg7 51.Qc7+ Bf7 52.Bd5 Qg4+ 53.Kh2 Qh5+ 54.Kg2 Qg6+ 55.Kh2 Kf6 56.Qd6+ Kf5
57.Qd7+ Be6 58.Bxe6+ Qxe6 59.Qxh7+ Kf4 60.Qh4+ Kf3 61.Qg3+ Ke2 62.Kg1 Kd2
63.a4 Kc2 64.Qa3 Qg4+ 65.Kf1 Qc4+ 66.Kg2 e4 67.a5 Kb1 68.Qe3 Kb2 69.Kg3 Qc7+  1/2-1/2